000 00285nam a22001337a 4500
008 170529b xxu||||| |||| 00| 0 eng d
020 _a3486398210
041 _aeng
080 _a62
100 _a27
101 _aIM
245 _aPULSFREQUENZMODULIERTE
_cNOGES.E
942 _2udc
_cBK
999 _c14818
_d14818